书目信息 |
| 题名: |
做个优雅淡定睿智的女人
|
|
| 作者: | 杨秋平 编著 | |
| 分册: | ||
| 出版信息: | 北京 中国纺织出版社 2011 |
|
| 页数: | 257页 | |
| 开本: | 24cm | |
| 丛书名: | ||
| 单 册: | ||
| 中图分类: | B825-49 | |
| 科图分类: | ||
| 主题词: | 女性--修养--通俗读物 | |
| 电子资源: | ||
| ISBN: | 978-7-5064-7826-7 | |
| 000 | 00821nam0 2200229 450 | |
| 001 | 012001001061 | |
| 005 | 20140920091302.0 | |
| 010 | @a978-7-5064-7826-7@dCNY29.80 | |
| 100 | @a20111224d2011 em y0chiy50 ea | |
| 101 | 0 | @achi |
| 102 | @aCN@b110000 | |
| 105 | @ay z 000yy | |
| 106 | @ar | |
| 200 | 1 | @a做个优雅淡定睿智的女人@9Zuo Ge You Ya Dan Ding Rui Zhi De Nv Ren@f杨秋平编著 |
| 210 | @a北京@c中国纺织出版社@d2011 | |
| 215 | @a257页@d24cm | |
| 330 | @a本书分上、中、下三篇,分别从优雅、淡定、睿智三个方面,向女人们展示了一个全方位的图景,对于提高女人的气质修养、展示女人的人格魅力及促使女人以积极的心态去获取幸福的生活大有益处。 | |
| 606 | 0 | @a女性@x修养@j通俗读物 |
| 690 | @aB825-49@v4 | |
| 701 | 0 | @a杨秋平@9Yang Qiu Ping@4编著 |
| 801 | 0 | @aCN@b上海新华@c20180901 |
| 905 | @b1042865-69@dB825-49@e1112@f5 | |
| 做个优雅淡定睿智的女人/杨秋平编著.-北京:中国纺织出版社,2011 |
| 257页;24cm |
| ISBN 978-7-5064-7826-7:CNY29.80 |
| 本书分上、中、下三篇,分别从优雅、淡定、睿智三个方面,向女人们展示了一个全方位的图景,对于提高女人的气质修养、展示女人的人格魅力及促使女人以积极的心态去获取幸福的生活大有益处。 |
| ● |
| 相关链接 |
|
|
|
|
正题名:做个优雅淡定睿智的女人
索取号:B825-49/1112
 
预约/预借
| 序号 | 登录号 | 条形码 | 馆藏地/架位号 | 状态 | 备注 |
| 1 | 1042865 | 210428651 | 第一样本阅览室/ [索取号:B825-49/1112] | 在馆 | |
| 2 | 1042866 | 210428660 | 第一借阅区/ [索取号:B825-49/1112] | 在馆 | |
| 3 | 1042867 | 210428679 | 第一借阅区/ [索取号:B825-49/1112] | 在馆 | |
| 4 | 1042868 | 210428688 | 第一借阅区/ [索取号:B825-49/1112] | 在馆 | |
| 5 | 1042869 | 210428697 | 第一借阅区/ [索取号:B825-49/1112] | 在馆 |